<?xml version="1.0" encoding="UTF-8"?>
<record
    xmlns:xsi="http://www.w3.org/2001/XMLSchema-instance"
    xsi:schemaLocation="http://www.loc.gov/MARC21/slim http://www.loc.gov/standards/marcxml/schema/MARC21slim.xsd"
    xmlns="http://www.loc.gov/MARC21/slim">

  <leader>02638cam a2200625 i 4500</leader>
  <controlfield tag="001">ocn903251856</controlfield>
  <controlfield tag="003">OCoLC</controlfield>
  <controlfield tag="005">20260429132043.0</controlfield>
  <controlfield tag="008">150212t20142004fr a   f b    000 e fre d</controlfield>
  <datafield tag="016" ind1="7" ind2=" ">
    <subfield code="a">FRBNF44273526000000X</subfield>
    <subfield code="2">FrPBN</subfield>
  </datafield>
  <datafield tag="020" ind1=" " ind2=" ">
    <subfield code="a">9782070462575</subfield>
    <subfield code="q">(br)</subfield>
  </datafield>
  <datafield tag="020" ind1=" " ind2=" ">
    <subfield code="a">2070462579</subfield>
    <subfield code="q">(br)</subfield>
  </datafield>
  <datafield tag="024" ind1="3" ind2="0">
    <subfield code="a">9782070462575</subfield>
  </datafield>
  <datafield tag="029" ind1="0" ind2=" ">
    <subfield code="a">ZWZ</subfield>
    <subfield code="b">183687329</subfield>
  </datafield>
  <datafield tag="029" ind1="1" ind2=" ">
    <subfield code="a">BDF</subfield>
    <subfield code="b">FRBNF44273526000000X</subfield>
  </datafield>
  <datafield tag="035" ind1=" " ind2=" ">
    <subfield code="a">(OCoLC)903251856</subfield>
  </datafield>
  <datafield tag="040" ind1=" " ind2=" ">
    <subfield code="a">ZWZ</subfield>
    <subfield code="b">fre</subfield>
    <subfield code="e">ncafnor</subfield>
    <subfield code="c">ZWZ</subfield>
    <subfield code="d">BDF</subfield>
    <subfield code="d">FRBML</subfield>
    <subfield code="d">UQ1</subfield>
    <subfield code="d">MUQ</subfield>
    <subfield code="d">OCLCO</subfield>
    <subfield code="d">OCLCF</subfield>
    <subfield code="d">OCLCQ</subfield>
    <subfield code="d">OCLCO</subfield>
    <subfield code="d">OCLCA</subfield>
    <subfield code="d">OCLCQ</subfield>
    <subfield code="d">LVB</subfield>
    <subfield code="d">CHBCC</subfield>
    <subfield code="d">OCLCO</subfield>
    <subfield code="d">OCL</subfield>
    <subfield code="d">OCLCO</subfield>
    <subfield code="d">OCLCL</subfield>
    <subfield code="d">OCLCQ</subfield>
    <subfield code="d">OCLCL</subfield>
    <subfield code="d">OCLCQ</subfield>
  </datafield>
  <datafield tag="041" ind1="0" ind2=" ">
    <subfield code="a">fre</subfield>
    <subfield code="h">eng</subfield>
  </datafield>
  <datafield tag="050" ind1="1" ind2="4">
    <subfield code="a">PN4756</subfield>
    <subfield code="b">.K84</subfield>
  </datafield>
  <datafield tag="055" ind1=" " ind2="4">
    <subfield code="a">PN 4756.K84</subfield>
  </datafield>
  <datafield tag="082" ind1="0" ind2="4">
    <subfield code="a">174.907</subfield>
    <subfield code="2">22</subfield>
  </datafield>
  <datafield tag="100" ind1="1" ind2=" ">
    <subfield code="a">Kovach, Bill,</subfield>
    <subfield code="d">(19..- ...).</subfield>
    <subfield code="4">aut</subfield>
    <subfield code="9">55015</subfield>
  </datafield>
  <datafield tag="245" ind1="1" ind2="0">
    <subfield code="a">Principes du journalisme :</subfield>
    <subfield code="b">ce que les journalistes doivent savoir, ce que le public doit exiger /</subfield>
    <subfield code="c">Bill Kovach, Tom Rosenstiel.</subfield>
  </datafield>
  <datafield tag="260" ind1=" " ind2=" ">
    <subfield code="a">[Paris] :</subfield>
    <subfield code="b">Gallimard,</subfield>
    <subfield code="c">impr. 2014, &#xFFFD;2004.</subfield>
  </datafield>
  <datafield tag="300" ind1=" " ind2=" ">
    <subfield code="a">1 v. (207 p.) :</subfield>
    <subfield code="b">couv. illustrations en coul. ;</subfield>
    <subfield code="c">18 cm.</subfield>
  </datafield>
  <datafield tag="336" ind1=" " ind2=" ">
    <subfield code="a">texte</subfield>
    <subfield code="b">txt</subfield>
    <subfield code="2">rdacontent/fre</subfield>
  </datafield>
  <datafield tag="337" ind1=" " ind2=" ">
    <subfield code="a">sans m&#xFFFD;ediation</subfield>
    <subfield code="b">n</subfield>
    <subfield code="2">rdamedia/fre</subfield>
  </datafield>
  <datafield tag="337" ind1=" " ind2=" ">
    <subfield code="a">sans m&#xFFFD;ediation</subfield>
    <subfield code="b">n</subfield>
    <subfield code="2">isbdmedia</subfield>
  </datafield>
  <datafield tag="490" ind1="1" ind2=" ">
    <subfield code="a">Folio. Actuel ;</subfield>
    <subfield code="v">160</subfield>
  </datafield>
  <datafield tag="500" ind1=" " ind2=" ">
    <subfield code="a">Traduction de : The elements of journalism : what newspeople should know and the public should expect / Bill Kovach and Tom Rosenstiel, 2001.</subfield>
  </datafield>
  <datafield tag="504" ind1=" " ind2=" ">
    <subfield code="a">Notes bibliogr. p. [355]-375.</subfield>
  </datafield>
  <datafield tag="650" ind1=" " ind2="0">
    <subfield code="a">Journalistic ethics.</subfield>
    <subfield code="9">55016</subfield>
  </datafield>
  <datafield tag="650" ind1=" " ind2="0">
    <subfield code="a">Journalism.</subfield>
    <subfield code="9">1093</subfield>
  </datafield>
  <datafield tag="650" ind1=" " ind2="0">
    <subfield code="a">Journalism</subfield>
    <subfield code="z">United States.</subfield>
    <subfield code="9">55017</subfield>
  </datafield>
  <datafield tag="650" ind1=" " ind2="2">
    <subfield code="a">Journalism</subfield>
    <subfield code="9">1093</subfield>
  </datafield>
  <datafield tag="650" ind1=" " ind2="4">
    <subfield code="a">Journalistes</subfield>
    <subfield code="x">D&#xFFFD;eontologie.</subfield>
    <subfield code="9">55018</subfield>
  </datafield>
  <datafield tag="650" ind1=" " ind2="4">
    <subfield code="a">Journalisme</subfield>
    <subfield code="x">Aspect politique.</subfield>
    <subfield code="9">55019</subfield>
  </datafield>
  <datafield tag="650" ind1=" " ind2="6">
    <subfield code="a">Journalistes</subfield>
    <subfield code="x">D&#xFFFD;eontologie.</subfield>
    <subfield code="9">55018</subfield>
  </datafield>
  <datafield tag="650" ind1=" " ind2="6">
    <subfield code="a">Journalisme</subfield>
    <subfield code="z">&#xFFFD;Etats-Unis.</subfield>
    <subfield code="9">55020</subfield>
  </datafield>
  <datafield tag="650" ind1=" " ind2="6">
    <subfield code="a">Journalisme.</subfield>
    <subfield code="9">52689</subfield>
  </datafield>
  <datafield tag="650" ind1=" " ind2="7">
    <subfield code="a">journalism.</subfield>
    <subfield code="2">aat</subfield>
    <subfield code="9">1093</subfield>
  </datafield>
  <datafield tag="650" ind1=" " ind2="7">
    <subfield code="a">Journalism</subfield>
    <subfield code="2">fast</subfield>
    <subfield code="9">1093</subfield>
  </datafield>
  <datafield tag="650" ind1=" " ind2="7">
    <subfield code="a">Journalistic ethics</subfield>
    <subfield code="2">fast</subfield>
    <subfield code="9">55016</subfield>
  </datafield>
  <datafield tag="650" ind1=" " ind2="7">
    <subfield code="a">Journalisme.</subfield>
    <subfield code="2">ram</subfield>
    <subfield code="9">52689</subfield>
  </datafield>
  <datafield tag="650" ind1=" " ind2="7">
    <subfield code="a">Journalistes</subfield>
    <subfield code="x">D&#xFFFD;eontologie.</subfield>
    <subfield code="2">ram</subfield>
    <subfield code="9">55018</subfield>
  </datafield>
  <datafield tag="651" ind1=" " ind2="7">
    <subfield code="a">United States</subfield>
    <subfield code="2">fast</subfield>
    <subfield code="1">https://id.oclc.org/worldcat/entity/E39PBJtxgQXMWqmjMjjwXRHgrq</subfield>
    <subfield code="9">8</subfield>
  </datafield>
  <datafield tag="700" ind1="1" ind2=" ">
    <subfield code="a">Rosenstiel, Tom,</subfield>
    <subfield code="d">(19..- ...).</subfield>
    <subfield code="4">aut</subfield>
    <subfield code="9">55021</subfield>
  </datafield>
  <datafield tag="765" ind1="0" ind2=" ">
    <subfield code="t">Elements of journalism : what newspeople should know and the public should expect</subfield>
  </datafield>
  <datafield tag="830" ind1=" " ind2="0">
    <subfield code="a">Folio. Actuel ;</subfield>
    <subfield code="v">160.</subfield>
    <subfield code="9">55022</subfield>
  </datafield>
  <datafield tag="856" ind1="4" ind2="2">
    <subfield code="3">Notice et cote du catalogue de la Biblioth&#xFFFD;eque nationale de France</subfield>
    <subfield code="u">http://catalogue.bnf.fr/ark:/12148/cb44273526m</subfield>
  </datafield>
  <datafield tag="886" ind1="2" ind2=" ">
    <subfield code="2">unimarc</subfield>
    <subfield code="a">181</subfield>
    <subfield code="a">i#</subfield>
    <subfield code="b">xxxe##</subfield>
  </datafield>
  <datafield tag="936" ind1=" " ind2=" ">
    <subfield code="a">BATCHLOAD</subfield>
  </datafield>
  <datafield tag="942" ind1=" " ind2=" ">
    <subfield code="2">lcc</subfield>
    <subfield code="c">BK</subfield>
  </datafield>
  <datafield tag="948" ind1=" " ind2=" ">
    <subfield code="h">NO HOLDINGS IN GHUCC - 53 OTHER HOLDINGS</subfield>
  </datafield>
  <datafield tag="952" ind1=" " ind2=" ">
    <subfield code="0">0</subfield>
    <subfield code="1">0</subfield>
    <subfield code="2">lcc</subfield>
    <subfield code="4">0</subfield>
    <subfield code="7">0</subfield>
    <subfield code="a">FREDEL</subfield>
    <subfield code="b">FREDEL</subfield>
    <subfield code="d">2026-04-29</subfield>
    <subfield code="l">0</subfield>
    <subfield code="o">174.907</subfield>
    <subfield code="p">0020002503201</subfield>
    <subfield code="r">2026-04-29 13:23:59</subfield>
    <subfield code="w">2026-04-29</subfield>
    <subfield code="y">BK</subfield>
  </datafield>
  <datafield tag="999" ind1=" " ind2=" ">
    <subfield code="c">53844</subfield>
    <subfield code="d">53844</subfield>
  </datafield>
</record>
